000
00240nam a2200097Ia 4500
008
220204s9999 xx 000 0 und d
082
_a
658.38/.39
_b
MAN
245
0
_a
Managing to save time
260
_a
USA
_b
Harward College
_c
1968
942
_c
BK
999
_c
39221
_d
39221